000 00498nam a2200205 b 4500
003 OSt
005 20151204114923.0
008 991118s1999 sp | ||| ||spa
020 _a84-8306-208-9
040 _cBMC
082 _a863.9933
100 1 _aSkármeta, Antonio
_931173
245 1 3 _aLa boda del poeta
_cAntonio Skármeta
250 _a1ª ed
260 _aMadrid
_bDebate
_c1999
300 _a306 p.
_c25 cm
490 _aAreté
650 2 4 _929373
_aNovela chilena
942 _2ddc
_cBK
999 _c23928
_d23928